000 00246nam a22001217a 4500
040 _cSY
082 _a621
100 _aSOK KOAM
245 _aមីក្រូវិទ្យា​ ១
260 _aRUA
_bSOK
_cNA
300 _a37p.
942 _cKB
999 _c9566
_d9566